000 00245nam a2200097Ia 4500
001 643434
005 20250826153545.0
008 250824s9999 xx 000 0 und d
245 0 _aKORSAN PEŞİNDE
_cAHMET YILMAZ BOYUNAĞA
260 _bGENÇ TİMAŞ
999 _c643434
_d643434